| 000 | 00703nam a2200241 a 4500 | ||
|---|---|---|---|
| 999 |
_c7716 _d7716 |
||
| 001 | 7716 | ||
| 003 | BD-JhCC | ||
| 005 | 20180213120634.0 | ||
| 008 | 171011s1997 bg |||| ||a| 000 0 ben d | ||
| 020 | _a9644820771 | ||
| 035 | _a(BD-JhCC)7716 | ||
| 040 |
_aBD-JhCC _dBD-JhCC |
||
| 041 | _aben | ||
| 082 |
_a297 _bAHS 1997 |
||
| 100 | _aআহসান, সৈয়দ আলী | ||
| 245 |
_aআল্লাহর অস্তিত্ব / _cসৈয়দ আলী আহসান |
||
| 260 |
_aঢাকা : _bবাড পাবলিকেশন্স, _c1997. |
||
| 300 |
_a80 p. : _c22 cm. |
||
| 650 | _aIslam | ||
| 650 | _aExsistance | ||
| 942 |
_2ddc _cBK |
||